000
00384nam a2200181Ia 4500
003
IT-RoPAU
008
120407s9999 xx 000 0 und d
040
_a
IT-RoPAU
040
_c
IT-RoPAU
100
_a
La Fontaine
245
_a
Le favole di La Fontaine
250
_a
Milano
260
_a
Sonzogno
300
_c
cm
490
_v
1
700
_a
Gustavo Doré
942
_c
BK
999
_c
11792
_d
11792